جنون البقر / (رقم التسجيلة. 99557)

تفاصيل مارك
000 -الفاتح
عناصر البيانات ثابتة الطول 00723cam a2200229 i 4500
005 - تاريخ ووقت آخر معاملة
حقل ضبط 20260215105322.0
008 - عناصر البيانات ثابتة الطول
عناصر البيانات ثابتة الطول 250721s1992 le gr 000 j ara d
020 ## - الترقيم الدولي المعياري للكتب (ردمك)
الترقيم الدولي المعياري للكتب (ردمك) 1855131242
082 14 - رقم تصنيف ديوي العشري
رقم التصنيف ق
رقم المادة م د و
100 1# - مدخل رئيسي – اسم شخصي
الاسم الشخصي المدور، مروان طه
علاقة الشخص بالعمل/ دوره مؤلف.
245 10 - بيان العنوان
العنوان جنون البقر /
بيان المسؤولية مروان طه المدور.
246 10 - الأشكال المختلفة للعنوان
العنوان الفعلي/العنوان المختصر MAD COWS
250 ## - بيان الطبعة
بيان الطبعة الطبعة الأولى.
264 31 - بيانات النشر، التوزيع…إلخ
مكان النشر، التوزيع...إلخ بيروت :
اسم الناشر، الموزع...إلخ رياض الريس للنشر،
تاريخ النشر، التوزيع...إلخ 1992.
300 ## - الوصف المادي
عدد الوحدات المكونة للوعاء 287 صفحة.
490 0# - بيان السلسلة
عنوان السلسلة السلسلة الروائية.
650 17 - مدخل إضافي بالموضوع - مصطلح موضوعي
مصطلح موضوعي أو اسم جغرافي كعنصر مدخل الأدب العربي.
650 17 - مدخل إضافي بالموضوع - مصطلح موضوعي
مصطلح موضوعي أو اسم جغرافي كعنصر مدخل القصص.
830 #0 - مدخل إضافي بالسلسلة-عنوان مقنن
عنوان السلسسلة السلسلة الروائية.
942 ## - بيانات إضافية (كوها)
نوع التنصيف Dewey Decimal Classification
نوع المادة (كوها) كتب
المقتنيات
حالة السحب حالة الفقدان مصدر التصنيف حالة التلف غير قابل للإعارة المكتبة الرئيسية المكتبة الحالية موقع الرف تاريخ التزويد الرقم المتسلسل Total Checkouts رقم الإستدعاء الباركود تاريخ آخر ظهور تاريخ الفاتورة نوع المادة (كوها)
    Dewey Decimal Classification     المكتبة المركزية المكتبة المركزية الإعارة 28/07/2025 865117   ق / م د و 865117 28/07/2025 28/07/2025 كتب
Implemented & Customized by: BBB with SCIT (Smart Chains for Information Technology)

Powered by Koha